000 01054nam a2200265 i 4500
001 bg
003 BPK
005 20190719115205.0
008 950505s1987 pl f f 000 0 pol
040 _cBPK
041 0 _apol
080 _a622.7
080 _a(075.8)
100 1 _aBlaschke, Janusz.
245 0 _aProcesy technologiczne w przeróbce kopalin użytecznych /
_cJanusz Blaschke ; Akademia Górniczo-Hutnicza im. S. Staszica w Krakowie. Wydział Maszyn Górniczych i Hutniczych.
260 _aKraków :
_bWydaw. AGH,
_c1987.
300 _a396 s. :
_bil. ;
_c24 cm.
490 1 _aSkrypty Uczelniane / Akademia Górniczo-Hutnicza im. S. Staszica w Krakowie,
_x0239-6114 ;
_vnr 1058
504 _aBibliogr. s. [391]-393.
650 _aMinerały
_xtechnologia.
655 _aPodręczniki akademickie
830 0 _aSkrypty Uczelniane - Akademia Górniczo-Hutnicza im. S. Staszica w Krakowie,
_v1058.
942 _cKS
_2UKD
856 _uhttp://koha.tu.koszalin.pl/cgi-bin/koha/opac-detail.pl?biblionumber=5759
_yKatalog online BPK
999 _c5759
_d5759